[Event "Caro-Kann, Can You? July 2012 30/1/45"]
[Site "SchemingMind.com"]
[Date "2012.07.24"]
[Round "-"]
[White "ray winteringham"]
[Black "Massey Ferguson"]
[Result "0-1"]
[WhiteCountry "ENG"]
[BlackCountry "ENG"]
[WhiteElo "1532"]
[WhiteRD "50"]
[BlackElo "2024"]
[BlackRD "84"]
[GameID "314850"]

1. e4 c6 2. d4 d5 3. e5 Bf5 4. Bd3 Bxd3 5. Qxd3 e6 6. Nf3 Nd7 7. O-O Qb6 8. b3 c5 9. Be3 cxd4 10. Nxd4 Nxe5
11. Qe2 Bc5 12. c3 Nf6 13. a4 Ned7 14. b4 Bxd4 15. Bxd4 Qc7 16. h3 O-O 17. Rc1 e5 18. Be3 Rfe8 19. Qb2 Ne4 20. Na3 Nd6
21. Rd1 Nf6 22. Bg5 Nfe4 23. Bd2 Nxd2 24. Rxd2 Nc4 25. Nxc4 dxc4 26. Rad1 Rad8 27. a5 Rxd2 28. Rxd2 Rd8 29. Kf1 Kf8 30. Ke2 Ke7
31. Qc2 g6 32. f3 Ke6 33. Qe4 Rxd2+ 34. Kxd2 Qd6+ 35. Ke3 Qd5 36. f4 Qxe4+ 37. Kxe4 exf4 38. Kxf4 f5 39. h4 Kf6 40. g3 a6
41. g4 fxg4 42. Kxg4 h6 43. h5 gxh5+ 44. Kxh5 Kf5
0-1

[Event "Caro-Kann, Can You? July 2012 30/1/45"]
[Site "SchemingMind.com"]
[Date "2012.07.26"]
[Round "-"]
[White "Iucounu"]
[Black "Massey Ferguson"]
[Result "0-1"]
[WhiteCountry "ENG"]
[BlackCountry "ENG"]
[WhiteElo "1437"]
[WhiteRD "48"]
[BlackElo "2024"]
[BlackRD "87"]
[GameID "314851"]

1. e4 c6 2. d4 d5 3. exd5 cxd5 4. Nc3 Bf5 5. Bd3 Bxd3 6. Qxd3 e6 7. Nf3 Nf6 8. Bg5 Be7 9. Ne5 O-O 10. O-O Nbd7
11. Nxd7 Qxd7 12. Qb5 Qc7 13. Qa4 a6 14. Rac1 b5 15. Qb3 Ng4 16. Bxe7 Qxh2#
0-1

[Event "Caro-Kann, Can You? July 2012 30/1/45"]
[Site "SchemingMind.com"]
[Date "2012.07.24"]
[Round "-"]
[White "Pol MacGilla tSamhais"]
[Black "Massey Ferguson"]
[Result "0-1"]
[WhiteCountry "IRL"]
[BlackCountry "ENG"]
[WhiteElo "1154"]
[WhiteRD "92"]
[BlackElo "2024"]
[BlackRD "84"]
[GameID "314852"]

1. e4 c6 2. d4 d5 3. e5 Bf5 4. Nf3 e6 5. Be2 h6 6. a3 Nd7 7. b4 Qb6 8. Nc3 Ne7 9. Bd2 Bg4 10. Nh4 Bxe2
11. Qxe2 O-O-O 12. Na4 Qxd4 13. Nf3 Qxa1+ 14. Qd1 Qxd1+ 15. Kxd1 g6 16. Re1 Bg7 17. g4 Rde8 18. Nb2 Ng8 19. Nd3 f6 20. Bf4 fxe5
21. Bxe5 Bxe5
0-1

[Event "Caro-Kann, Can You? July 2012 30/1/45"]
[Site "SchemingMind.com"]
[Date "2012.07.26"]
[Round "-"]
[White "James Reed"]
[Black "Massey Ferguson"]
[Result "0-1"]
[WhiteCountry "ENG"]
[BlackCountry "ENG"]
[WhiteElo "1581"]
[WhiteRD "56"]
[BlackElo "2024"]
[BlackRD "87"]
[GameID "314853"]

1. e4 c6 2. d4 d5 3. Nc3 dxe4 4. Nxe4 Bf5 5. Ng3 Bg6 6. h4 h6 7. h5 Bh7 8. Nf3 Nd7 9. Bd3 Bxd3 10. Qxd3 e6
11. Bf4 Ngf6 12. Ne5 Nxe5 13. Bxe5 Bd6 14. Ne4 Bxe5 15. dxe5 Nxe4 16. Qxe4 Qa5+ 17. c3 O-O-O 18. O-O Rd5 19. Rfe1 Qc7 20. Rad1 Qd7
21. Rxd5 Qxd5 22. Qxd5 cxd5 23. b3 Kd7 24. Rd1 Rd8 25. c4 Kc6 26. g3 Rd7 27. f3 dxc4 28. Rc1 Rd2 29. Rxc4+ Kd7 30. a4 Rd3
31. Kg2 Rxb3 32. g4 a5 33. Kg3 Rb4 34. Rf4 Rxf4 35. Kxf4 b5 36. axb5 a4
0-1